00967nam a22002537a 45000010005000000030006000050050017000110080041000280200018000690400029000870500015001160820012001311000026001432450132001692600053003013000057003545050007004115200148004185210027005665210018005936500031006116500036006427000035006789855FISKH20260309135608.0260309b cb ||||| |||| 00| 0 eng d a9781565650565 aFISKHbengcFISKHdFISKH aQK917 .D68 a583.121 aDoyle, Mycol eAuthor aKiller plants :bThe Venus Flytrap, Strangler Fig, and other predatory plants /cBy Mycol Doyle ; illustrated by Allison Atwill aLos Angeles :bRGA Publishing Group Inc. ,c1993 a30 unnumbered pages : bcolor illustrations ;c26 cm aR  aDescribes thirteen plants, such as the sundew, bladderwort, and mistletoe, that depend on the animal world or other plants for their nutrition.8 a700 bLexile estimate 8 aR bRaz-Plus  aScience fiction vTropical aChildren's referencevFormative aAtwill, Allison eIllustrator